Giáo trình truyền động điện: Sách dùng cho các trường đào tạo hệ Trung học chuyên nghiệp và hệ cao đẳng kỹ thuật

সংরক্ষণ করুন:
গ্রন্থ-পঞ্জীর বিবরন
প্রধান লেখক:  Bùi Đình Tiếu
বিন্যাস: Sách
ভাষা:Undetermined
প্রকাশিত:  Giáo dục  2008
বিষয়গুলি:
ট্যাগগুলো: ট্যাগ যুক্ত করুন
কোনো ট্যাগ নেই, প্রথমজন হিসাবে ট্যাগ করুন!
Thư viện lưu trữ: Trung tâm Thư viện - Trường Đại học Công nghiệp TP. Hồ Chí Minh
LEADER 00639nam a2200157Ia 4500
001 UIH_03302
008 231011s9999 xx 000 0 und d
082 |a  a621.462 
100 |a  Bùi Đình Tiếu 
245 0 |a  Giáo trình truyền động điện: Sách dùng cho các trường đào tạo hệ Trung học chuyên nghiệp và hệ cao đẳng kỹ thuật 
245 0 |c  Bùi Đình Tiếu 
260 |b  Giáo dục 
260 |c  2008 
650 |a  Động cơ điện;  
927 |a Sách 
980 |a Trung tâm Thư viện - Trường Đại học Công nghiệp TP. Hồ Chí Minh